000
00374nam a2200145Ia 4500
008
230718s9999 xx 000 0 und d
041
_a
Eng.
082
_a
344.05
_b
احت-ک
100
_a
احتفاح محمود
245
0
_a
کاموں کی تعبیر و تشریح
260
_a
Pakistan
_b
مسوریک ھاؤس
_c
1999
300
_a
161
650
_a
Law
999
_c
29238
_d
29238